| 000 | 01055nam a22002295a 4500 | ||
|---|---|---|---|
| 999 |
_c7173 _d7173 |
||
| 020 | _a0073046302 | ||
| 020 | _a0073046345 | ||
| 022 | _a9780073046303 | ||
| 050 |
_aPE1479 _b.B87C364 |
||
| 100 | 1 | _aCamp, Sue C.(ed.) | |
| 245 | 1 | 0 |
_aCollege english and communication : _bpremiere edition / _cSue C. Camp, Marilyn L. Satterwhite. |
| 250 | _a8th ed. | ||
| 260 |
_aBoston, MA : _bMcGraw-Hill/Irwin, _c2004. |
||
| 300 |
_axvi, 701 pages : _billustrations (some color), color map ; _c28 cm |
||
| 500 | _aIncludes Index | ||
| 505 | _aUnit 1. Introduction to communication Unit 2. Developing Language skills Unit 3. Developing writing skills Unit 4. Applying communication skills Unit 5. Communicating in a Business environment Unit 6. Employment communication Index | ||
| 650 | _aEnglish language -- Business English -- Problems, exercises, etc. | ||
| 650 | _aEnglish language -- Rhetoric -- Problems, exercises, etc. | ||
| 650 | _aEnglish language -- Grammar -- Problems, exercises, etc. | ||
| 700 | _aSatterwhite Marilyn L.(ed.) | ||
| 942 | _cBK | ||